[Event "Challenge"]
[Site "http://www.queenalice.com/game.php?id=1824346"]
[Date "2023.11.1"]
[Round "-"]
[White "Mikalus"]
[Black "ron_h_roy2003"]
[Result "1-0"]
[WhiteElo "1821"]
[BlackElo "1577"]

1. e4 e5 2. Nf3 Nf6 3. Nc3 a6 4. Nxe5 d6 5. Nxf7 Kxf7 6. Bc4+ Be6 7. Bxe6+ Kxe6
8. d4 h6 9. O-O Kd7 10. e5 Nh7 11. Qg4+ Kc6 12. d5+ Kb6 13. Be3+ c5 14. dxc6+
Kxc6 15. Qc4+ Kd7 16. e6+ Ke7 17. Rfe1 Nc6 18. Nd5+ Ke8 19. Qg4 Nf6 20. Qg6# 1-0

[Event "Challenge"]
[Site "http://www.queenalice.com/game.php?id=1824581"]
[Date "2023.11.4"]
[Round "-"]
[White "ron_h_roy2003"]
[Black "Mikalus"]
[Result "0-1"]
[WhiteElo "1571"]
[BlackElo "1825"]

1. d4 d5 2. h3 e6 3. Nf3 b6 4. a3 Nf6 5. Bg5 Be7 6. e3 O-O 7. Bd3 Ne4 8. Bxe4
dxe4 9. Ne5 Bxg5 10. O-O Bb7 11. Nc3 f6 12. Ng4 f5 13. Ne5 Nc6 14. Qh5 Nxe5 15.
dxe5 g6 16. Qe2 Bh6 17. f4 exf3 18. gxf3 Qg5+ 19. Kh2 Qxe3 20. f4 Bxf4+ 21. Rxf4
Qxf4+ 22. Kg1 a5 23. Rf1 Qg3+ 24. Qg2 Qxg2# 0-1

[Event "Challenge"]
[Site "http://www.queenalice.com/game.php?id=1825277"]
[Date "2023.11.15"]
[Round "-"]
[White "ron_h_roy2003"]
[Black "denaultj"]
[Result "1-0"]
[WhiteElo "1570"]
[BlackElo "1659"]

1. d4 d5 2. e3 Nf6 3. Bd3 e6 4. Nf3 h6 5. Nc3 a6 6. O-O c6 7. Ne5 Bd6 8. h3 b5
9. a3 Nbd7 10. Nxc6 Qc7 11. Nb4 O-O 12. g3 Nb6 13. e4 dxe4 14. Nxe4 Nxe4 15.
Bxe4 Bb7 16. Qd3 Bxe4 17. Qxe4 a5 18. Nd3 Nc4 19. Nf4 a4 20. Nh5 f5 21. Qxe6+
Kh8 22. Bxh6 Rf7 23. Bxg7+ Rxg7 24. Nxg7 Kxg7 25. Qxf5 Nxb2 26. Qg5+ Kh8 27.
Rab1 Bxa3 28. Qf6+ Qg7 29. Qf4 Nc4 30. Rxb5 Bb2 31. Rh5+ Kg8 32. Rg5 Ra7 33.
Rxg7+ Rxg7 34. Re1 a3 35. Qf5 Nd6 36. Qe6+ Nf7 37. Qf5 Nd6 38. Qf4 Rd7 39. Re6
a2 40. Qg5+ Kf8 41. Qh6+ 1-0

[Event "Challenge"]
[Site "http://www.queenalice.com/game.php?id=1827628"]
[Date "2023.12.20"]
[Round "-"]
[White "ron_h_roy2003"]
[Black "Mikalus"]
[Result "0-1"]
[WhiteElo "1608"]
[BlackElo "1954"]

1. e4 c5 2. d4 cxd4 3. Qxd4 Nc6 4. Qc4 e6 5. Nf3 d5 6. exd5 exd5 7. Qe2+ Be7 8.
c3 Nf6 9. Be3 O-O 10. Qc2 Ne4 11. Bd3 f5 12. O-O Bd6 13. g3 f4 14. Bd4 Bh3 15.
Re1 fxg3 16. fxg3 Rxf3 17. Nd2 Rf2 18. Bxf2 Nxf2 19. Kxf2 Qf6+ 20. Nf3 Rf8 21.
Re3 Bg4 22. Be2 Bc5 23. Qd3 Bxf3 24. Ke1 Bxe3 25. Qxe3 Be4 26. Kd2 Qf2 27. Qxf2
Rxf2 28. h4 Bg6 29. Ke3 Rf6 30. Rh1 Re6+ 31. Kf2 Ne5 32. Rd1 Rf6+ 33. Kg2 Be4+
34. Kh3 Kf7 35. h5 Rf2 36. Bf1 Rxb2 37. Kh4 Rxa2 38. Kg5 Nf3+ 39. Kf4 Kf6 40. c4
Ra4 41. g4 h6 42. Ke3 Ra3+ 43. Kf4 Ng5 44. Be2 Bf3 45. Rd3 Rxd3 46. Bxd3 dxc4
47. Bxc4 Bc6 48. Bd3 Nf3 49. Bf1 a5 50. Be2 Nd4 51. Bd3 b5 52. Ke3 Ke5 53. Bb1
b4 54. Kd3 Be4+ 0-1

[Event "Challenge"]
[Site "http://www.queenalice.com/game.php?id=1827629"]
[Date "2023.12.20"]
[Round "-"]
[White "Mikalus"]
[Black "ron_h_roy2003"]
[Result "1-0"]
[WhiteElo "1833"]
[BlackElo "1576"]

1. d4 d5 2. Nf3 h6 3. e3 a6 4. Bd3 e6 5. O-O Nf6 6. b3 Bb4 7. Bb2 O-O 8. a3 Bd6
9. c4 Ng4 10. Ne5 Nf6 11. Nd2 c5 12. Qc2 Nc6 13. Ndf3 g6 14. Bxg6 fxg6 15. Qxg6+
Kh8 16. Nf7+ Rxf7 17. Qxf7 Qg8 18. Qxf6+ Qg7 19. dxc5 Bxc5 20. Qxg7# 1-0

[Event "Challenge"]
[Site "http://www.queenalice.com/game.php?id=1828314"]
[Date "2024.1.1"]
[Round "-"]
[White "denaultj"]
[Black "ron_h_roy2003"]
[Result "1/2-1/2"]
[WhiteElo "1695"]
[BlackElo "1603"]

1. e4 e5 2. Nf3 Nc6 3. c3 a6 4. b4 Nf6 5. Bc4 Nxe4 6. Qe2 d5 7. Bb3 Be6 8. d3
Nd6 9. Nxe5 Nxe5 10. Qxe5 c6 11. O-O h6 12. Bxh6 Rxh6 13. Nd2 b5 14. a4 Rc8 15.
axb5 axb5 16. Ra6 Qc7 17. c4 dxc4 18. dxc4 Nxc4 19. Qxc7 Rxc7 20. Ra8+ Rc8 21.
Rxc8+ Bxc8 22. Nxc4 Bxb4 23. Ne5 Be6 24. Nxc6 Bd6 25. Rd1 Kd7 26. Ne5+ Kc7 27.
Rc1+ Bc4 28. Ng4 Rh4 29. h3 f5 30. Ne3 g5 31. Nxf5 Rf4 32. Ne3 Kd7 33. Nxc4 bxc4
34. Bxc4 Ke7 35. Bb5 Rd4 36. g4 Rb4 37. Re1+ Kd8 38. Re8+ Kc7 39. Bd3 Rb3 40.
Bf5 Rxh3 41. Kg2 Rh2+ 42. Kg1 Rh4 43. f3 Rh2 44. Be4 Kd7 45. Ra8 Rb2 46. Ra5 Kc7
47. Rxg5 Bh2+ 48. Kh1 Bg3 49. Rg6 Kd7 50. f4 Bxf4 51. Bf5+ Kc7 52. Rg7+ Kd6 53.
Ra7 Rh2+ 54. Kg1 Rh4 55. Kg2 Bg5 56. Kg3 Ke5 57. Bc8 Bf6 58. Ra5+ Ke4 59. Bf5+
Kd4 60. Ra6 Bg5 61. Rg6 Be7 1/2-1/2

[Event "Challenge"]
[Site "http://www.queenalice.com/game.php?id=1830898"]
[Date "2024.2.4"]
[Round "-"]
[White "ron_h_roy2003"]
[Black "denaultj"]
[Result "1-0"]
[WhiteElo "1590"]
[BlackElo "1632"]

1. d4 d5 2. Nf3 b5 3. Ne5 e6 4. e3 Bd6 5. Nxf7 Kxf7 6. Qf3+ Nf6 7. a3 Rf8 8.
Bxb5 c6 9. Bd3 Ba6 10. Bxa6 Qa5+ 11. Bd2 Qxa6 12. Nc3 Kg8 13. O-O-O Ne4 14. Qh3
Nxf2 15. Qxe6+ Kh8 16. Qxd6 Qc8 17. Rhf1 Nd7 18. Rde1 Ng4 19. e4 Ndf6 20. Bg5
Nd7 21. exd5 Rxf1 22. Rxf1 Qa6 23. Rf7 1-0

[Event "Challenge"]
[Site "http://www.queenalice.com/game.php?id=1831035"]
[Date "2024.2.7"]
[Round "-"]
[White "Mikalus"]
[Black "ron_h_roy2003"]
[Result "1-0"]
[WhiteElo "1933"]
[BlackElo "1606"]

1. d4 d5 2. Nf3 e6 3. e3 h6 4. Bd3 Bd6 5. b3 a6 6. Bb2 Nc6 7. O-O Nf6 8. c4 b6
9. Ne5 Nb4 10. Be2 O-O 11. a3 Bxe5 12. dxe5 Nd7 13. axb4 c5 14. bxc5 bxc5 15.
Nd2 Bb7 16. Nf3 f6 17. Qc2 f5 18. cxd5 Bxd5 19. Nd2 Qg5 20. Bf3 h5 21. Bxd5 exd5
22. e6 Qe7 23. exd7 Qxd7 24. Qxc5 h4 25. h3 Kh7 26. Nf3 g5 27. Nxg5+ Kg6 28. Nf3
Kh6 29. Nxh4 Rg8 30. Rad1 Rac8 31. Qxd5 Qe7 32. Nxf5+ Kh7 33. Nxe7 1-0

[Event "Challenge"]
[Site "http://www.queenalice.com/game.php?id=1833591"]
[Date "2024.3.16"]
[Round "-"]
[White "ron_h_roy2003"]
[Black "denaultj"]
[Result "0-1"]
[WhiteElo "1601"]
[BlackElo "1726"]

1. e4 e5 2. Nf3 d6 3. h3 h6 4. Nc3 c6 5. d4 Be7 6. Bd3 Nf6 7. O-O b5 8. b4 a5 9.
Bb2 Nh5 10. Nxe5 dxe5 11. Qxh5 Qxd4 12. Nd1 Qd6 13. a3 axb4 14. axb4 Rxa1 15.
Bxa1 Nd7 16. Bc3 Bg5 17. Ba1 O-O 18. Qf3 Qxb4 19. Bc3 Qa4 20. Nb2 Qa7 21. Be2
Qa2 22. Bd3 Nc5 23. Qg3 Bf4 24. Qf3 Qa3 25. Be2 b4 26. Nc4 Qxc3 27. Qxc3 bxc3
28. g3 Bg5 29. Kh2 Ba6 30. Bd3 Nxd3 31. cxd3 c2 32. f4 exf4 33. h4 fxg3+ 34.
Kxg3 c1=Q 35. Rxc1 Bxc1 0-1

[Event "Challenge"]
[Site "http://www.queenalice.com/game.php?id=1834328"]
[Date "2024.3.28"]
[Round "-"]
[White "ron_h_roy2003"]
[Black "Mikalus"]
[Result "0-1"]
[WhiteElo "1607"]
[BlackElo "1850"]

1. d4 d5 2. e3 e6 3. Nf3 Nf6 4. Nc3 b6 5. Bb5+ Bd7 6. Ne5 Bxb5 7. Nxb5 a6 8. Nc3
Bd6 9. Nf3 O-O 10. O-O Nbd7 11. a3 c6 12. b4 Qc7 13. Bb2 e5 14. Qd3 e4 15. Qe2
exf3 16. Qxf3 Bxh2+ 17. Kh1 Bd6 18. g3 Rae8 19. Rg1 Ne4 20. Rad1 Ndf6 21. Rd3
Nxc3 22. Bxc3 Ne4 23. Bb2 Qd7 24. Rg2 Qh3+ 25. Rh2 Qf1# 0-1

[Event "Challenge"]
[Site "http://www.queenalice.com/game.php?id=1835317"]
[Date "2024.4.18"]
[Round "-"]
[White "Mikalus"]
[Black "ron_h_roy2003"]
[Result "1-0"]
[WhiteElo "1876"]
[BlackElo "1590"]

1. d4 d5 2. e3 e6 3. Nf3 Nf6 4. Bd3 Bd6 5. b3 a6 6. Bb2 Nc6 7. O-O O-O 8. Nbd2
b5 9. Ne5 Ne7 10. c4 bxc4 11. bxc4 Bb7 12. c5 Bxe5 13. dxe5 Nd7 14. Qc2 c6 15.
Nb3 a5 16. a4 g6 17. Nd4 Ba6 18. Bxa6 Rxa6 19. f4 f5 20. Nxe6 Qc8 21. Nxf8 Nxf8
22. Qc3 Ne6 23. Rac1 Ra8 24. Ba3 Qc7 25. Rb1 Kf7 26. Rb6 Qd7 27. Rfb1 Ra7 28.
Qd3 h6 29. Ra6 Rxa6 30. Qxa6 Qd8 31. Rb7 d4 32. Qd3 g5 33. Qxf5+ Ke8 34. Qxe6
gxf4 35. exf4 d3 36. Rxe7+ Qxe7 37. Qxe7+ Kxe7 38. Kf2 Ke6 39. Ke3 Kf5 40. Kxd3
Kxf4 41. e6 1-0

[Event "Challenge"]
[Site "http://www.queenalice.com/game.php?id=1839414"]
[Date "2024.6.29"]
[Round "-"]
[White "ron_h_roy2003"]
[Black "denaultj"]
[Result "1-0"]
[WhiteElo "1582"]
[BlackElo "1717"]

1. e4 e5 2. d3 Nf6 3. Nf3 d6 4. h3 h6 5. Nc3 c6 6. d4 d5 7. Nxe5 Nxe4 8. Nxe4
dxe4 9. Bc4 Be6 10. Bxe6 fxe6 11. Qh5+ Ke7 12. Ng6+ Kd7 13. Nxh8 Na6 14. Qf7+
Be7 15. Ng6 Nb4 16. O-O Nxc2 17. Rb1 Nxd4 18. Rd1 c5 19. Nf4 Qf8 20. Qxf8 Bxf8
21. b4 Kc6 22. Be3 e5 23. Bxd4 cxb4 24. Rbc1+ Kb5 25. Be3 exf4 26. Bxf4 Bc5 27.
Rd5 b6 28. Be3 Ka4 29. Bxc5 bxc5 30. Rdxc5 Rd8 31. Rb1 Rd4 32. Rc7 a5 33. Kf1 g5
34. Ke2 Ka3 35. Ke3 Kxa2 36. Kxd4 Kxb1 37. Kc4 Kb2 38. Ra7 Kc2 39. Rxa5 b3 40.
Rb5 Kd2 41. Rxb3 Ke2 42. Rb2+ Kf1 43. f3 e3 44. Kd3 Kg1 45. Kxe3 Kh2 46. Kf2 1-0

[Event "Challenge"]
[Site "http://www.queenalice.com/game.php?id=1839415"]
[Date "2024.6.29"]
[Round "-"]
[White "denaultj"]
[Black "ron_h_roy2003"]
[Result "1-0"]
[WhiteElo "1706"]
[BlackElo "1632"]

1. e4 e5 2. Nf3 d6 3. d4 Nf6 4. Bd3 Bg4 5. Be3 h6 6. d5 Nbd7 7. h3 Bxf3 8. Qxf3
a6 9. c4 Qe7 10. Nc3 O-O-O 11. O-O g5 12. b4 g4 13. hxg4 Rg8 14. Qh3 Nxg4 15. a4
c6 16. a5 Ndf6 17. f3 h5 18. fxg4 Nxg4 19. Rf5 Nxe3 20. Rg5+ Ng4 21. Rxg8 Kc7
22. dxc6 bxc6 23. b5 Kb7 24. Qxh5 Nf6 25. Qh8 Nxg8 26. Qxg8 Bh6 27. Qh7 Be3+ 28.
Kf1 Qf6+ 29. Qf5 Qxf5+ 30. exf5 Rh8 31. Ke2 Rh2 32. Kf3 Bd4 33. Ne4 Bxa1 34.
Nxd6+ Kc7 35. Nxf7 Rh4 36. g3 Rh1 37. Kg4 Kd7 38. b6 Rh2 39. Kf3 Ke7 40. Ng5 Bd4
41. Kg4 Rh8 42. Ne6 Rg8+ 43. Kf3 Bc3 44. c5 Bxa5 45. b7 Rb8 46. Bxa6 Kf6 47. g4
Bd2 48. Ke4 Bc1 49. g5+ Bxg5 50. Nxg5 Kxg5 51. Kxe5 Rf8 52. Kd6 Kxf5 53. Kxc6
Ke6 54. Kb6 Rb8 55. Bc4+ Kd7 56. c6+ Kd6 57. c7 1-0

[Event "Challenge"]
[Site "http://www.queenalice.com/game.php?id=1839416"]
[Date "2024.6.29"]
[Round "-"]
[White "ron_h_roy2003"]
[Black "Mikalus"]
[Result "0-1"]
[WhiteElo "1585"]
[BlackElo "1903"]

1. e4 c5 2. Bc4 e6 3. Nf3 Nc6 4. d4 cxd4 5. Nxd4 Bc5 6. Be3 Nxd4 7. Bxd4 Bxd4 8.
Qxd4 Qg5 9. O-O Nf6 10. Nc3 O-O 11. e5 Ne8 12. Rae1 Nc7 13. g3 a6 14. Ne4 Qh5
15. Be2 Qg6 16. Bd3 Qh6 17. a4 Nd5 18. a5 Rd8 19. c3 b5 20. c4 bxc4 21. Bxc4 Bb7
22. Nd6 Bc6 23. Bd3 Qh3 24. Be4 Rab8 25. Re2 Rb4 26. Nc4 Rdb8 27. Rb1 g6 28. b3
Bb5 29. Bxd5 exd5 30. Qxd5 Bxc4 31. Qxd7 Qxd7 0-1

[Event "Challenge"]
[Site "http://www.queenalice.com/game.php?id=1844702"]
[Date "2024.10.4"]
[Round "-"]
[White "ron_h_roy2003"]
[Black "Mikalus"]
[Result "0-1"]
[WhiteElo "1619"]
[BlackElo "1917"]

1. e4 c5 2. Bc4 e6 3. Nc3 Nc6 4. g3 a6 5. a3 b5 6. Be2 Bb7 7. Bf3 Ne5 8. d3 Nf6
9. d4 cxd4 10. Qxd4 Nc6 11. Qd3 Bc5 12. Be3 Qb6 13. Nge2 Ne5 14. Qd1 Nxf3+ 15.
Kf1 Bxe3 16. fxe3 Qxe3 17. Kg2 Bxe4 18. Rf1 Nd2+ 19. Nxe4 Nfxe4 20. a4 Nxf1 21.
Qxf1 O-O 22. Ra3 Qc5 23. a5 Qxc2 24. b4 Rfc8 25. Rf3 f5 26. h4 Qb2 27. Kh3 Rc2
28. Re3 Rac8 29. h5 R8c3 30. Qf3 Rxe2 31. Qxe2 Qxe2 32. Rxe2 Rxg3+ 33. Kh2 Rg4
34. Rc2 Rh4+ 35. Kg2 Kf7 36. Rc7 Ke7 37. Ra7 Nd6 38. Rxa6 Rxb4 39. Rb6 Ra4 40.
a6 h6 41. Kf3 e5 42. Ke3 Nc4+ 0-1

[Event "Challenge"]
[Site "http://www.queenalice.com/game.php?id=1844733"]
[Date "2024.10.5"]
[Round "-"]
[White "Mikalus"]
[Black "ron_h_roy2003"]
[Result "0-1"]
[WhiteElo "1924"]
[BlackElo "1603"]

1. d4 d5 2. e3 e6 3. b3 Nf6 4. Nf3 a6 5. Bb2 Bd6 6. Nbd2 O-O 7. Bd3 h6 8. c4 c5
9. O-O Qc7 10. dxc5 Bxc5 11. Bxf6 gxf6 12. a3 dxc4 13. Nxc4 Rd8 14. Qe2 e5 15.
Rac1 Nc6 16. b4 Ba7 17. Na5 Re8 18. Bxa6 Bb8 19. Bb5 e4 20. Nd2 Qxh2# 0-1

[Event "Challenge"]
[Site "http://www.queenalice.com/game.php?id=1848476"]
[Date "2024.12.10"]
[Round "-"]
[White "denaultj"]
[Black "ron_h_roy2003"]
[Result "1-0"]
[WhiteElo "1757"]
[BlackElo "1670"]

1. d4 d5 2. Nf3 Nf6 3. Ne5 h6 4. Nc3 e6 5. h3 Bb4 6. a3 Bxc3+ 7. bxc3 O-O 8. e3
c6 9. Bd3 Qd6 10. O-O Nbd7 11. Nxd7 Bxd7 12. Qf3 c5 13. c4 cxd4 14. cxd5 exd5
15. exd4 Rae8 16. Be3 a6 17. c3 Bc6 18. Bf4 Qd8 19. a4 a5 20. Bf5 Bd7 21. Bd3
Qc8 22. Bb5 Bxb5 23. axb5 b6 24. Ra4 Ne4 25. Rc1 Re6 26. Kh2 Nf6 27. Qg3 Ne4 28.
Qf3 Rg6 29. Rg1 f5 30. Rc1 Qd7 31. Rb1 Qc8 32. Rc1 Qd7 33. c4 Nf6 34. c5 Qxb5
35. Ra3 Qb4 36. Qc3 Qxc3 37. Rcxc3 Ne4 38. Rc2 Rc8 39. g3 Kh7 40. Kg2 bxc5 41.
Be3 c4 42. Rxa5 Rd8 43. h4 Nf6 44. f3 Re8 45. Bf4 Nh5 46. Be5 Rd8 47. Ra7 f4 48.
g4 Re8 49. Kh3 Ng3 50. Bxf4 Nh1 51. Ra1 Rf6 52. Be5 Rxf3+ 53. Kg2 Ref8 54. Kxh1
Kg6 55. Kg2 h5 56. Ra6+ Kh7 57. Rd6 hxg4 58. Rxd5 Rh3 59. Rxc4 Rxh4 60. Rc7 Rg8
61. Bf6 Kg6 62. Bxh4 1-0

[Event "Challenge"]
[Site "http://www.queenalice.com/game.php?id=1848477"]
[Date "2024.12.10"]
[Round "-"]
[White "ron_h_roy2003"]
[Black "denaultj"]
[Result "1-0"]
[WhiteElo "1615"]
[BlackElo "1749"]

1. d4 d5 2. Nf3 h6 3. Nc3 c6 4. Bf4 e6 5. g3 Nf6 6. Qd3 Bd6 7. O-O-O Ng4 8. Be3
Qf6 9. Bh3 Nxf2 10. Bxf2 Nd7 11. Na4 b5 12. Nc3 Nb6 13. e4 Qg6 14. e5 Qxd3 15.
cxd3 Bc7 16. Rhf1 O-O 17. b3 a5 18. Nd2 Ba6 19. a4 b4 20. Na2 Bxd3 21. Rfe1 Bf5
22. Bxf5 exf5 23. e6 f6 24. Kb2 Bd6 25. Rc1 Rac8 26. Rc2 Rc7 27. Nc1 Kh7 28. Nd3
Kg6 29. Nf4+ Kg5 30. Nf3+ Kg4 31. Re3 c5 32. h3# 1-0

[Event "Challenge"]
[Site "http://www.queenalice.com/game.php?id=1848478"]
[Date "2024.12.10"]
[Round "-"]
[White "Mikalus"]
[Black "ron_h_roy2003"]
[Result "0-1"]
[WhiteElo "1917"]
[BlackElo "1636"]

1. d4 d5 2. Nf3 Nf6 3. e3 e6 4. Bd3 Bd6 5. b3 O-O 6. Bb2 Nc6 7. Nbd2 a6 8. c4 b6
9. O-O Nb4 10. Bb1 Bb7 11. a3 Nc6 12. Ne5 Bxe5 13. dxe5 Ne8 14. Qg4 g6 15. Qh3
Ng7 16. e4 d4 17. Rd1 Nh5 18. Nf3 Qe7 19. b4 b5 20. c5 Rad8 21. Bc1 f5 22. Bg5
Nf6 23. Bxf6 Rxf6 24. exf6 Qxf6 25. Qg3 Qg7 26. Ng5 Qf6 27. Ba2 Bc8 28. exf5
Qxf5 29. Re1 Re8 30. Qxc7 Qxg5 31. Qxc6 Rf8 32. Bxe6+ Bxe6 33. Qxe6+ Rf7 34. Re5
Qd2 35. Rae1 Qxf2+ 36. Kh1 Qf1+ 0-1

[Event "Challenge"]
[Site "http://www.queenalice.com/game.php?id=1849989"]
[Date "2025.1.8"]
[Round "-"]
[White "ron_h_roy2003"]
[Black "Mikalus"]
[Result "0-1"]
[WhiteElo "1677"]
[BlackElo "1890"]

1. d4 e6 2. e3 d5 3. a3 c5 4. Nf3 Nc6 5. Bb5 Bd7 6. Nc3 a6 7. Bxc6 Bxc6 8. O-O
Nf6 9. Ng5 b5 10. Qd3 h6 11. Nxf7 Kxf7 12. h3 Bd6 13. Ne2 Rf8 14. Nf4 Kg8 15.
Nxe6 Qe7 16. Nxf8 Rxf8 17. Qg6 Ne4 18. dxc5 Nxc5 19. Rd1 Ne4 20. Rf1 Rf6 21. Qg4
Bd7 22. Qd1 Rg6 23. Qxd5+ Kh7 24. f3 Ng3 25. Re1 Bxh3 26. Qd3 Bxg2 27. Kf2 Bxf3
28. Bd2 Be4 29. Qd4 Qf7+ 30. Kg1 Ne2# 0-1

[Event "Challenge"]
[Site "http://www.queenalice.com/game.php?id=1851341"]
[Date "2025.1.31"]
[Round "-"]
[White "dosoldini"]
[Black "ron_h_roy2003"]
[Result "0-1"]
[WhiteElo "1609"]
[BlackElo "1663"]

1. e4 e5 2. Nf3 Nf6 3. Ng5 h6 4. Nf3 Nc6 5. a3 Nxe4 6. Bc4 Bc5 7. d4 Nxd4 8.
Nxd4 Bxd4 9. Bxf7+ Kxf7 10. Qf3+ Nf6 11. Nd2 d5 12. h3 Re8 13. Nf1 e4 14. Qg3 b6
15. Nh2 Ba6 16. Bf4 Bxb2 17. Rd1 Qe7 18. Qe3 Bxa3 19. Bg3 Bc5 20. Qb3 Bc4 21.
Qa4 Bb4+ 22. Qxb4 Qxb4+ 0-1

[Event "Challenge"]
[Site "http://www.queenalice.com/game.php?id=1854383"]
[Date "2025.3.23"]
[Round "-"]
[White "ron_h_roy2003"]
[Black "Mikalus"]
[Result "0-1"]
[WhiteElo "1657"]
[BlackElo "1912"]

1. e4 c5 2. Nc3 Nc6 3. b3 e6 4. Bb2 Nf6 5. Bd3 d6 6. Bc4 a6 7. Nh3 Be7 8. Na4 b5
9. O-O bxc4 10. bxc4 O-O 11. Re1 Bb7 12. a3 Na5 13. d3 Nc6 14. e5 dxe5 15. Bxe5
Nxe5 16. Rxe5 Bd6 17. Re1 Qc7 18. Nb2 Bxh2+ 19. Kf1 Be5 20. Qc1 Ng4 21. Ke2 Bxg2
22. Ng1 Qc6 23. f3 Nf6 24. Kf2 Bxf3 25. Nxf3 Ng4+ 26. Ke2 Bf6 27. Kd2 Qxf3 28.
Nd1 Bg5+ 29. Kc3 Bxc1 30. Rxc1 Rab8 31. Nb2 Qf6+ 0-1

[Event "Challenge"]
[Site "http://www.queenalice.com/game.php?id=1854384"]
[Date "2025.3.23"]
[Round "-"]
[White "Mikalus"]
[Black "ron_h_roy2003"]
[Result "1-0"]
[WhiteElo "1911"]
[BlackElo "1651"]

1. d4 d5 2. Nf3 Nf6 3. e3 Bg4 4. Be2 a6 5. Ne5 Be6 6. b3 h6 7. Bb2 Nc6 8. Nd2
Qd6 9. O-O O-O-O 10. c4 Na7 11. c5 Qxe5 12. dxe5 Nd7 13. f4 Bf5 14. b4 f6 15.
Bg4 e6 16. Bxf5 exf5 17. Nf3 Nb8 18. Qb3 c6 19. Nd4 Re8 20. Nxf5 Re6 21. Nd6+
Bxd6 22. exd6 Nd7 23. Rfe1 Rg8 24. a4 Kd8 25. e4 g5 26. exd5 Rxe1+ 27. Rxe1 b6
28. cxb6 Nxb6 29. dxc6 Nxc6 30. Bxf6+ Kd7 31. Qxg8 Kxd6 32. Qe6+ Kc7 33. Rd1 Nb8
34. Be5+ Kb7 35. Bxb8 1-0